Maiores rios inteiramente portugueses - Statistics

Estatísticas Gerais
  • Esse quiz foi jogado 18 vezes
  • A pontuação média é 8 de 30
Estatísticas das Respostas
Hint Resposta % Correto
1 Mondego
93%
3 Sado
86%
15 Ave
79%
5 Vouga
71%
7 Cávado
64%
2 Zêzere
64%
8 Mira
57%
28 Nabão
43%
24 Arade
29%
6 Côa
29%
14 Dão
29%
17 Sôr
29%
4 Sorraia
29%
9 Paiva
21%
10 Alva
14%
19 Pônsul
14%
13 Almansor
7%
12 Ceira
7%
26 Maior
7%
29 Massueime
7%
20 Ocreza
7%
16 Seda
7%
30 Tornada
7%
25 Xarrama
7%
27 Alpiarça
0%
21 Boco
0%
22 Cobres
0%
23 Degebe
0%
18 Sizandro
0%
11 Vascão
0%
Nenhum quiz correspondente encontrado
Distribuição das Pontuações
Porcentagem de Pessoas com Cada Pontuação
Percentil de Números Respondidos
Sua Pontuação Histórica
Você não jogou esse quiz